• 首页
  • 本馆介绍
  • 公告通知
  • 最新文献
  • 馆藏检索
  • 电子资源
  • 读者导购
  • 参考咨询
  • 我的图书馆
  • 登录
  • 详细信息显示
  • 放入我的书架
  • 预约/预借图书
  • 作者相关作品
  • 分类相关作品
  • 丛书相关作品
  • 出版社相关作品

书目信息

  • 表格格式
  • 工作单格式
  • 卡片格式
书名: Sociology
作者: David M. Newman ; visual essays edited by Douglas Harper.
分册号:
分册名:
出版地: Thousand Oaks, Calif. :
 
出版社: Pine Forge Press
出版时间: c1997.
页数: xxxii, 621 p. :
开本: 24 cm.
丛书名:
中图分类号:
科图分类号:
其他分类号: C01
主题词:
电子资源:
000 01085cam a2200289 a 450
001 E0755149173
005 20070320152039.37
008 961017s1997 caua b 001 0 eng
010    @a96045366
020    @a0761985182 (acid-free, recycled paper).
035    @A(DLC) 96045366
040    @aDLC@cDLC@dDLC
050 00 @aHM51@b.N467 1997
082 00 @a301@2 21
090    @aC01
099    @dC01@ex4=2
100 1  @aNewman, David M.,@d1958-
245 10 @aSociology :@bexploring the architecture of everyday life / @cDavid M. Newman ; visual essays edited by Douglas Harper.
250    @a2nd ed.
260    @aThousand Oaks, Calif. :@bPine Forge Press,@cc1997.
300    @axxxii, 621 p. :@bill. ;@c24 cm.
504    @aIncludes bibliographical references (p. 571-604) and index.
650  0 @aSociology.
700 1  @aHarper, Douglas A.
906    @a7@bcbc@corignew@d1@eocip@f19@gy-gencatlg
955    @apc21 to sa00 10-23-96; sf07 10-23-96; sf11 10-24-96; sf05 10-24-96;aa05 10-28-96; CIP ver. pv04 02-26-97
991    @bc-GenColl@hHM51@i.N467 1997@p0003745185A@tCopy 1@wBOOKS
    
    Sociology : : exploring the architecture of everyday life / / David M. Newman ; visual essays edited by Douglas Harper.-2nd ed.-Thousand Oaks, Calif. : : Pine Forge Press, , c1997.
    xxxii, 621 p. : : ill. ; ; 24 cm.
    Includes bibliographical references (p. 571-604) and index.
    
    ISBN 0761985182 (acid-free, recycled paper).
    
●
相关链接 在E读中查询图书 在五车中查询图书 在当当中查询图书 在豆瓣中查询图书


正题名:Sociology     索取号:C01/x4=2         预约/预借

序号 登录号 条形码 馆藏地/架位号 状态 备注
1 0003375   300033755   第二样本阅览室/ [索取号:C01/x4=2] 在馆    
唐山师范学院图书馆 欢迎您!
大连网信软件有限公司© 版权所有